| 000 | 004570000a22001810004500 | ||
|---|---|---|---|
| 003 | LK-CoMWRAF | ||
| 005 | 20240118141005.0 | ||
| 008 | 230817t ||||| |||| 00| 0 eng d | ||
| 040 |
_aLK-CoMWRAF _dLK-CoMWRAF _eLK-CoMWRAF |
||
| 041 | _aeng | ||
| 082 |
_a346.62 _bWOM |
||
| 245 | _aWomen and law in Sudan | ||
| 260 |
_aGrables: _bWLUML, _c[1997?] |
||
| 300 | _a60 p. | ||
| 490 |
_aVolume _vone |
||
| 650 | _aWomen- Legal status, laws, -Sudan | ||
| 942 | _cBK | ||
| 999 |
_c1337 _d1337 |
||